Рассеяние коротких импульсов электромагнитного излучения на длинном проводящем цилиндре; Известия вузов. Физика; Т. 54, № 4

Détails bibliographiques
Parent link:Известия вузов. Физика: научный журнал/ Национальный исследовательский Томский государственный университет (ТГУ).— , 1957-
Т. 54, № 4.— 2011.— [С. 64-69]
Auteur principal: Кожевников В. Ю. Василий Юрьевич
Autres auteurs: Козырев А. В. Алексей Владимирович, Климов А. И. Алексей Иванович
Résumé:Заглавие с экрана
Методом численного решения полной системы уравнений Максвелла исследован процесс взаимодействия короткого электромагнитного импульса с длинным проводящим цилиндром (двумерная задача рассеяния). Рассчитаны формы отраженных сигналов и их спектры при различных соотношениях между длиной импульса и размером рассеивателя. Показано, что при пространственной длине единичного падающего импульса меньшей диаметра цилиндра в дальней зоне формируется два импульса рассеянного излучения.
A method of numerical solution of the complete system of Maxwell equations is used to investigate the process of interaction of a short electromagnetic pulse with a long conductive cylinder (a two-dimensional scattering problem). Reflected signal waveforms and spectra are calculated for various relationships between the pulse length and the sizes of the scatterer. It is demonstrated that for incident pulse length smaller than the diameter of the cylinder, two pulses of scattered radiation are formed in the far field zone.
Режим доступа: по договору с организацией-держателем ресурса
Langue:russe
Publié: 2011
Sujets:
Accès en ligne:http://elibrary.ru/item.asp?id=16374757
Format: Électronique Chapitre de livre
KOHA link:https://koha.lib.tpu.ru/cgi-bin/koha/opac-detail.pl?biblionumber=653754

MARC

LEADER 00000naa0a2200000 4500
001 653754
005 20250228114724.0
035 |a (RuTPU)RU\TPU\network\19268 
090 |a 653754 
100 |a 20170328d2011 k||y0rusy50 ca 
101 0 |a rus 
102 |a RU 
135 |a drcn ---uucaa 
181 0 |a i  
182 0 |a b 
200 1 |a Рассеяние коротких импульсов электромагнитного излучения на длинном проводящем цилиндре  |d Scattering of short electromagnetic radiation pulses on an infinitely long conductive cylinder  |f В. Ю. Кожевников, А. В. Козырев, А. И. Климов 
203 |a Текст  |c электронный 
300 |a Заглавие с экрана 
320 |a [Библиогр.: 10 назв.] 
330 |a Методом численного решения полной системы уравнений Максвелла исследован процесс взаимодействия короткого электромагнитного импульса с длинным проводящим цилиндром (двумерная задача рассеяния). Рассчитаны формы отраженных сигналов и их спектры при различных соотношениях между длиной импульса и размером рассеивателя. Показано, что при пространственной длине единичного падающего импульса меньшей диаметра цилиндра в дальней зоне формируется два импульса рассеянного излучения. 
330 |a A method of numerical solution of the complete system of Maxwell equations is used to investigate the process of interaction of a short electromagnetic pulse with a long conductive cylinder (a two-dimensional scattering problem). Reflected signal waveforms and spectra are calculated for various relationships between the pulse length and the sizes of the scatterer. It is demonstrated that for incident pulse length smaller than the diameter of the cylinder, two pulses of scattered radiation are formed in the far field zone. 
333 |a Режим доступа: по договору с организацией-держателем ресурса 
461 |t Известия вузов. Физика  |o научный журнал  |f Национальный исследовательский Томский государственный университет (ТГУ)  |d 1957- 
463 |t Т. 54, № 4  |v [С. 64-69]  |d 2011 
510 1 |a Scattering of short electromagnetic radiation pulses on an infinitely long conductive cylinder  |z eng 
610 1 |a электронный ресурс 
610 1 |a труды учёных ТПУ 
610 1 |a конечные разности 
610 1 |a СВЧ-импульсы 
700 1 |a Кожевников  |b В. Ю.  |g Василий Юрьевич 
701 1 |a Козырев  |b А. В.  |g Алексей Владимирович 
701 1 |a Климов  |b А. И.  |c специалист в области электроники  |c доцент Томского политехнического университета, кандидат физико-математических наук  |f 1955-  |g Алексей Иванович  |3 (RuTPU)RU\TPU\pers\31691 
801 2 |a RU  |b 63413507  |c 20170328  |g RCR 
856 4 0 |u http://elibrary.ru/item.asp?id=16374757 
942 |c CF